000 01310nam a2200277 a 4500
005 20260218133512.0
008 030313s1998 nyuab|||||||||001|0|eng|d
020 _a0-7679-0254-8
020 _a9780767902540
040 _aAM-YeHGA
_cAM-YeHGA
041 0 _aeng
100 1 _aԲալաքյան, Փիթեր Ջերարդի,
_d1951-
_93168
245 1 0 _aBlack dog of fate :
_ba memoir /
_cby Peter Balakian.
260 _aNew York, N.Y. :
_bBroadway Books,
_c1998.
300 _a289, [3] p. :
_bill., map ;
_c21 cm.
500 _aTo my children Sophia Ann and James Gerard
504 _aIncludes bibliographical references (p. [291]).
505 0 _aCont.: Grandmother--Mother--Father--Chain of words--Bloody news--Commemoration.
520 _aThe author describes his life as the child of Armenian immigrants in America and discusses his family's struggles, and the struggles of other Armenians, during 1915 when the Ottoman Turkish government put over one million Armenians to death
600 1 0 _aBalakian, Peter,
_d1951-
650 1 4 _aArmenian massacres survivors
_zUnited States
_vBiography
650 1 4 _aPoets, American
_y20th century
_xFamily relationships
650 1 4 _aArmenian Americans
_zNew Jersey
_vBiography
650 1 4 _aՀայոց ցեղասպանություն, 1915-1923
942 _2udc
_cBK
999 _c525697
_d525697